000 00252nam a2200109Ia 4500
008 200302s9999 xx 000 0 und d
100 _aKen Yeang
245 _aEco Skyscrapers : Vol 2
260 _bImages Publishing Ltd.
260 _c2011
300 _a160
999 _c4664
_d4664